Mystery of the missing prince

Bibliographic Details
Format: Book
Published: Kuala Lumpur : Penerbitan Gema Insan , 2007
Series:Intelligent 5 series
Subjects:

MARC

LEADER 00000cam a2200000 7i4500
001 0000001754
005 20151222.0
008 070709
020 |a 9835701911 
090 0 0 |a JF   |b ENG 
245 1 0 |a Mystery of the missing prince 
260 |a Kuala Lumpur :   |b Penerbitan Gema Insan ,   |c 2007 
440 |a Intelligent 5 series 
500 |a Children ages 10-12 years old (pink) 
650 0 |a Adventure 
650 0 |a Junior fiction   |x English   |x Languages 
999 |a 0000966512   |b Book   |c Children Collection   |e Perbadanan Perpustakaan Awam Johor 
999 |a 0000966514   |b Book   |c Children Collection   |e Perbadanan Perpustakaan Awam Johor 
999 |a 0000966515   |b Book   |c Children Collection   |e Perbadanan Perpustakaan Awam Johor 
999 |a 0001164436   |b Book   |c Children Collection   |e Cawangan Tangkak 
999 |a 0001164437   |b Book   |c Children Collection   |e Cawangan Bukit Gambir 
999 |a 0001164438   |b Book   |c Teenagers   |e Cawangan Bandar Tenggara 
999 |a 0001164439   |b Book   |c Children Collection   |e Cawangan Bandar Penawar 
999 |a 0001164442   |b Book   |c Children Collection   |e Cawangan Taman Universiti 
999 |a 0001164443   |b Book   |c Children Collection   |e Cawangan Mersing 
999 |a 0001164444   |b Book   |c Children Collection   |e Cawangan Segamat 
999 |a 0001164445   |b Book   |c Children Collection   |e Cawangan Batu Pahat 
999 |a 0001164447   |b Book   |c Children Collection   |e Cawangan Pontian